<?xml version="1.0" encoding="UTF-8"?>
<collection xmlns="http://www.loc.gov/MARC21/slim">
 <record>
  <leader>03811nam a22003851a 4500</leader>
  <controlfield tag="001">000035459</controlfield>
  <controlfield tag="003">11745</controlfield>
  <controlfield tag="005">20230110143048.0</controlfield>
  <controlfield tag="008">160106s2015                  000   eng</controlfield>
  <datafield tag="040" ind1=" " ind2=" ">
   <subfield code="a">LNN</subfield>
  </datafield>
  <datafield tag="041" ind1=" " ind2=" ">
   <subfield code="a">eng</subfield>
  </datafield>
  <datafield tag="082" ind1=" " ind2=" ">
   <subfield code="a">420.808</subfield>
   <subfield code="b">NG-V</subfield>
  </datafield>
  <datafield tag="100" ind1=" " ind2=" ">
   <subfield code="a">Nguyễn,Thị Việt</subfield>
  </datafield>
  <datafield tag="245" ind1=" " ind2="3">
   <subfield code="a">An investigation into cognitive metaphors of “homeland” in trinh cong son’s versus bob dyland’s songs. /</subfield>
   <subfield code="c">Nguyễn Thị Việt; Đinh Thị Minh Hiền supervisor.</subfield>
  </datafield>
  <datafield tag="260" ind1=" " ind2=" ">
   <subfield code="c">2015</subfield>
   <subfield code="a">ĐHĐN :</subfield>
   <subfield code="b">ĐHĐN.</subfield>
  </datafield>
  <datafield tag="300" ind1=" " ind2=" ">
   <subfield code="a">110tr . : ;</subfield>
   <subfield code="c">30cm+.</subfield>
  </datafield>
  <datafield tag="500" ind1=" " ind2=" ">
   <subfield code="a">Master thesis in social sciences and humanitices</subfield>
  </datafield>
  <datafield tag="520" ind1=" " ind2=" ">
   <subfield code="a">Adopting Lakoff and Johnson’s famous Conceptual Metaphor Theory, the study looked into an investigation into the Cognitive metaphors of “Homeland” in Trinh Cong Son’s and Bob Dylan’s songs. The corpus comprises over 780 songs composed by Trinh Cong Son and Bob Dylan. The research was conducted by means of questionnaires and interviews. The results showed how the two authors made use of metaphorical expressions of “Homeland” in their songs and hence, some similarities and differences between the two languages were explored as well. The author uses some methods in this study. However, the qualitative and quantitative are regarded as the two main approaches for the survey. It is expected that the findings will find out Cognitive Metaphors denoting the concept of “Homeland” in Trinh Cong Son’s versus Bob Dylan’s songs. Also, the researcher hopes interpret the similarities and differences of songs composed by Trinh Cong Son and Bob Dylan in terms of Cognitive Metaphors.</subfield>
  </datafield>
  <datafield tag="650" ind1=" " ind2=" ">
   <subfield code="a">investigation into cognitive metaphors of “homeland” in trinh cong son’s versus bob dyland’s songs.</subfield>
  </datafield>
  <datafield tag="653" ind1=" " ind2=" ">
   <subfield code="a">cognitive metaphors</subfield>
   <subfield code="a">homeland</subfield>
  </datafield>
  <datafield tag="700" ind1=" " ind2=" ">
   <subfield code="a">Đinh Thị MInh Hiền</subfield>
   <subfield code="e">supervisor</subfield>
  </datafield>
  <datafield tag="OWN" ind1=" " ind2=" ">
   <subfield code="a">LNN</subfield>
  </datafield>
  <datafield tag="902" ind1=" " ind2=" ">
   <subfield code="a">Luận văn thạc sĩ</subfield>
  </datafield>
  <datafield tag="AVA" ind1=" " ind2=" ">
   <subfield code="a">UDN50</subfield>
   <subfield code="b">LNN</subfield>
   <subfield code="c">English</subfield>
   <subfield code="d">420.808 NG-V</subfield>
   <subfield code="e">available</subfield>
   <subfield code="t">Error 5001 Not defined in file expand_doc_bib_avail.</subfield>
   <subfield code="f">1</subfield>
   <subfield code="g">0</subfield>
   <subfield code="h">N</subfield>
   <subfield code="i">0</subfield>
   <subfield code="j">AN</subfield>
   <subfield code="k">1</subfield>
  </datafield>
  <datafield tag="Z40" ind1="3" ind2=" ">
   <subfield code="y">An investigation into cognitive metaphors of “homeland” in trinh cong son’s versus bob dyland</subfield>
   <subfield code="l">Library of UFL</subfield>
   <subfield code="t">VIEW</subfield>
   <subfield code="x">http://catalog.udn.vn:80/F?func=service&amp;doc_library=UDN01&amp;local_base=UDN01&amp;doc_number=000035459&amp;sequence=000001&amp;line_number=0001&amp;func_code=DB_RECORDS&amp;service_type=MEDIA</subfield>
   <subfield code="f">TOMTAT_000011784.pdf</subfield>
   <subfield code="e">pdf</subfield>
   <subfield code="s">000451614</subfield>
   <subfield code="k">20210806</subfield>
   <subfield code="m">NTMTHI</subfield>
  </datafield>
  <datafield tag="Z40" ind1="3" ind2=" ">
   <subfield code="y">An investigation into cognitive metaphors of “homeland” in trinh cong son’s versus bob dyland</subfield>
   <subfield code="l">Library of UFL</subfield>
   <subfield code="t">VIEW</subfield>
   <subfield code="x">http://catalog.udn.vn:80/F?func=service&amp;doc_library=UDN01&amp;local_base=UDN01&amp;doc_number=000035459&amp;sequence=000002&amp;line_number=0002&amp;func_code=DB_RECORDS&amp;service_type=MEDIA</subfield>
   <subfield code="f">LUANVAN_000011786.pdf</subfield>
   <subfield code="e">pdf</subfield>
   <subfield code="s">001120181</subfield>
   <subfield code="k">20210806</subfield>
   <subfield code="m">NTMTHI</subfield>
  </datafield>
  <datafield tag="999" ind1=" " ind2=" ">
   <subfield code="a">From the UDN01</subfield>
  </datafield>
  <datafield tag="AVA" ind1=" " ind2=" ">
   <subfield code="a">UDN50</subfield>
   <subfield code="b">LNN</subfield>
   <subfield code="c">English</subfield>
   <subfield code="d">420.808 NG-V</subfield>
   <subfield code="e">available</subfield>
   <subfield code="t">Error 5001 Not defined in file expand_doc_bib_avail.</subfield>
   <subfield code="f">1</subfield>
   <subfield code="g">0</subfield>
   <subfield code="h">N</subfield>
   <subfield code="i">0</subfield>
   <subfield code="j">AN</subfield>
   <subfield code="k">1</subfield>
  </datafield>
  <datafield tag="TYP" ind1=" " ind2=" ">
   <subfield code="a">Monograph</subfield>
  </datafield>
  <datafield tag="TYP" ind1=" " ind2=" ">
   <subfield code="a">Printed language</subfield>
  </datafield>
  <datafield tag="856" ind1=" " ind2=" ">
   <subfield code="y">An investigation into cognitive metaphors of “homeland” in trinh cong son’s versus bob dyland</subfield>
   <subfield code="l">Library of UFL</subfield>
   <subfield code="t">VIEW</subfield>
   <subfield code="x">http://catalog.udn.vn:80/F?func=service&amp;doc_library=UDN01&amp;local_base=UDN01&amp;doc_number=000035459&amp;sequence=000001&amp;line_number=0001&amp;func_code=DB_RECORDS&amp;service_type=MEDIA</subfield>
   <subfield code="f">TOMTAT_000011784.pdf</subfield>
   <subfield code="e">pdf</subfield>
   <subfield code="s">000451614</subfield>
   <subfield code="k">20210806</subfield>
   <subfield code="m">NTMTHI</subfield>
  </datafield>
  <datafield tag="856" ind1=" " ind2=" ">
   <subfield code="y">An investigation into cognitive metaphors of “homeland” in trinh cong son’s versus bob dyland</subfield>
   <subfield code="l">Library of UFL</subfield>
   <subfield code="t">VIEW</subfield>
   <subfield code="x">http://catalog.udn.vn:80/F?func=service&amp;doc_library=UDN01&amp;local_base=UDN01&amp;doc_number=000035459&amp;sequence=000002&amp;line_number=0002&amp;func_code=DB_RECORDS&amp;service_type=MEDIA</subfield>
   <subfield code="f">LUANVAN_000011786.pdf</subfield>
   <subfield code="e">pdf</subfield>
   <subfield code="s">001120181</subfield>
   <subfield code="k">20210806</subfield>
   <subfield code="m">NTMTHI</subfield>
  </datafield>
  <datafield tag="980" ind1=" " ind2=" ">
   <subfield code="a">Mạng thư viện Đại học Đà Nẵng</subfield>
  </datafield>
 </record>
</collection>
